The truth (& myths) about American heroes / (Record no. 2311)

MARC details
000 -LEADER
fixed length control field 01352cam a2200373 i 4500
001 - CONTROL NUMBER
control field 2311
003 - CONTROL NUMBER IDENTIFIER
control field FISKH
005 - DATE AND TIME OF LATEST TRANSACTION
control field 20231116075647.0
008 - FIXED-LENGTH DATA ELEMENTS--GENERAL INFORMATION
fixed length control field 160914s2016 nyua j 000 0ceng d
010 ## - LIBRARY OF CONGRESS CONTROL NUMBER
LC control number 2015275239
020 ## - INTERNATIONAL STANDARD BOOK NUMBER
International Standard Book Number 9780545830270
020 ## - INTERNATIONAL STANDARD BOOK NUMBER
International Standard Book Number 0545830273
035 ## - SYSTEM CONTROL NUMBER
System control number (OCoLC)ocn953168949
040 ## - CATALOGING SOURCE
Original cataloging agency DUQ
Transcribing agency DUQ
Modifying agency OCLCO
-- OCLCF
-- OCLCO
-- DLC
Description conventions rda
Language of cataloging eng
050 00 - LIBRARY OF CONGRESS CALL NUMBER
Classification number E178.3
Item number .P423 2016
082 00 - DEWEY DECIMAL CLASSIFICATION NUMBER
Classification number 973.099
Edition number 23
100 1# - MAIN ENTRY--PERSONAL NAME
Personal name Peacock, L. A.
245 14 - TITLE STATEMENT
Title The truth (& myths) about American heroes /
Statement of responsibility, etc. by L.A. Peacock ; illustrated by Jon Davis.
246 3# - VARYING FORM OF TITLE
Title proper/short title Truth and myths about American heroes
260 ## - PUBLICATION, DISTRIBUTION, ETC.
Place of publication, distribution, etc. New York :
Name of publisher, distributor, etc. Scholastic,
Date of publication, distribution, etc. 2016.
300 ## - PHYSICAL DESCRIPTION
Extent 96 pages :
Other physical details illustrations ;
Dimensions 20 cm
490 0# - SERIES STATEMENT
Series statement Official history busters
505 ## - FORMATTED CONTENTS NOTE
Formatted contents note R<br/>
520 ## - SUMMARY, ETC.
Summary, etc. Set the record straight about presidents, spies, generals, and all kinds of leaders who led this country to greatness.<br/>
521 8# - TARGET AUDIENCE NOTE
Target audience note 690<br/>
Source Lexile<br/>
521 8# - TARGET AUDIENCE NOTE
Target audience note R<br/>
Source Raz-Plus<br/>
651 #0 - SUBJECT ADDED ENTRY--GEOGRAPHIC NAME
Geographic name United States
Form subdivision Biography
-- Anecdotes
-- Juvenile literature.
651 #7 - SUBJECT ADDED ENTRY--GEOGRAPHIC NAME
Geographic name United States.
Source of heading or term fast
Authority record control number or standard number (OCoLC)fst01204155
655 #7 - INDEX TERM--GENRE/FORM
Genre/form data or focus term Biography
Form subdivision Anecdotes.
Source of term fast
Authority record control number or standard number (OCoLC)fst01423690
655 #7 - INDEX TERM--GENRE/FORM
Genre/form data or focus term Juvenile works.
Source of term fast
Authority record control number or standard number (OCoLC)fst01411637
700 1# - ADDED ENTRY--PERSONAL NAME
Personal name Davis, Jon,
Dates associated with a name 1969-
Relator term illustrator.
906 ## - LOCAL DATA ELEMENT F, LDF (RLIN)
a 7
b cbc
c copycat
d 2
e ncip
f 20
g y-gencatlg
942 ## - ADDED ENTRY ELEMENTS (KOHA)
Source of classification or shelving scheme Dewey Decimal Classification
Koha item type Books
Suppress in OPAC No
Holdings
Withdrawn status Lost status Source of classification or shelving scheme Damaged status Not for loan Collection Home library Current library Shelving location Date acquired Total Checkouts Full call number Barcode Date last seen Price effective from Koha item type
    Dewey Decimal Classification     Non-Fiction Footprints International School Library Network Toul Kork Campus Footprints International School Library Network Toul Kork Campus TK Primary Library Room(4th Floor), Bookcase 5&6, Shelves 33-56, Orange Books 11/16/2023   PEA 973.099 FISTK05379 11/16/2023 11/16/2023 Books